000 00280nam a22001217a 4500
008 181012b xxu||||| |||| 00| 0 eng d
041 _aeng
080 _29th
_a612.39
100 _a10
101 _aNUT
245 _aNutrition and Physical Fitness
_cBogert,L.L
942 _2udc
_cBK
999 _c49533
_d49533